000 01014nam a2200301 a 4500
001 000024749
005 20260119094801.0
008 110203s2002 mx ac r 000 0 spa d
020 _a9682323800
040 _aDO-SdBNP
_bspa
_cBNPHU
041 1 7 _aspa
_hfre
_2Código de idioma MARC
082 _a177.7
_bS163p
100 1 _aSalecl, Renata,
_d1962-
_950778
240 1 0 _aperversiones of love and hate.
_lEspañol.
245 1 0 _a(Per)versiones del amor y del odio /
_cRenatra Salecl ; traducción Tamara Francés.
260 _aMéxico :
_bSiglo Veintiuno Editores,
_c2002.
300 _a206, [1] p. :
_bil., retrs. ;
_c21 cm.
490 1 _aPsicología y psicoanálisis
500 _aIncluye notas al pie de las páginas
504 _aIncluye referencias bibliográficas
534 _aTítulo original:
650 0 _aAmor
_91688
650 4 _aCortejo amoros
_950779
650 4 _aOdio
_919052
700 1 _aFrancés, Tamara,
_etr.
_950780
830 0 _aPsicología y psicoanálisis
_950781
049 _aBNGR
999 _c24242
_d24242